UBT Library

The case against adolescence : (Record no. 40710)

000 -LEADER
fixed length control field 00779cam a2200241 a 4500
001 - CONTROL NUMBER
control field 14708887
005 - DATE AND TIME OF LATEST TRANSACTION
control field 20180123034214.0
008 - FIXED-LENGTH DATA ELEMENTS--GENERAL INFORMATION
fixed length control field 070124s2007 caua b 001 0 eng
010 ## - LIBRARY OF CONGRESS CONTROL NUMBER
LC control number 2007001611
020 ## - INTERNATIONAL STANDARD BOOK NUMBER
International Standard Book Number 188495670X
020 ## - INTERNATIONAL STANDARD BOOK NUMBER
International Standard Book Number 9781884956706
040 ## - CATALOGING SOURCE
Original cataloging agency DLC
Transcribing agency DLC
Modifying agency DLC
041 ## - LANGUAGE CODE
Language code of text/sound track or separate title eng
080 ## - UNIVERSAL DECIMAL CLASSIFICATION NUMBER
Universal Decimal Classification number 155.5 rob
082 00 - DEWEY DECIMAL CLASSIFICATION NUMBER
Classification number 155.5 rob
Edition number 22
100 1# - Rafti
Rafti 48
101 ## - Shkurtesa
Shkurtesa psi
245 14 - TITLE STATEMENT
Title The case against adolescence :
Statement of responsibility, etc Robert Epstein.
504 ## - BIBLIOGRAPHY, ETC. NOTE
Bibliography, etc Includes bibliographical references and index.
906 ## - LOCAL DATA ELEMENT F, LDF (RLIN)
a 7
b cbc
c orignew
d 1
e ecip
f 20
g y-gencatlg
942 ## - ADDED ENTRY ELEMENTS (KOHA)
Source of classification or shelving scheme
Item type Books
Holdings
Withdrawn status Lost status Source of classification or shelving scheme Damaged status Not for loan Collection code Permanent location Current location Shelving location Date acquired Total Checkouts Full call number Barcode Date last seen Price effective from Koha item type
          Koleksioni i përgjithshem UBT - Lipjan UBT - Lipjan Koleksioni i përgjithshem 01/23/2018   155.5 rob 002-2996074 01/23/2018 01/23/2018 Books
UBT Library © 2015-2024. All rights reserved University Education for Business and Technology